| 000 | 00594nam a2200205Ia 4500 | ||
|---|---|---|---|
| 005 | 20250508164749.0 | ||
| 008 | 008 250505s9999 xx 000 0 eng d | ||
| 020 | _a019567707-2 | ||
| 037 | _aTextual | ||
| 040 |
_aFEDL _beng _cFEDL |
||
| 041 |
_aeng _2eng |
||
| 084 |
_a954, OXF _qFEDL |
||
| 100 | _aGupta Uma Das Ed. | ||
| 245 | 0 | _aOxford India Tagore: Selected writings on education and nationalism | |
| 260 |
_aNew Delhi, India _bOxford University Press _c2009 |
||
| 300 | _axxxvi,505p. | ||
| 365 |
_aINR _b950 |
||
| 942 |
_cTEXL _h954, OXF |
||
| 999 |
_c1390989 _d1390989 |
||